| 000 | 01292nam a22002417a 4500 | ||
|---|---|---|---|
| 999 |
_c62094 _d62094 |
||
| 003 | Ge_BSU | ||
| 005 | 20240708165428.0 | ||
| 008 | 240708s2020 ge ||||| |||| 00| 0 geo d | ||
| 020 | _a9789941320309 | ||
| 041 | _ageo | ||
| 080 | _a005.342+159.955 ი-22 | ||
| 100 |
_aიანტბელიძე, კოტე _eავტორი. _910169 |
||
| 245 |
_aროგორ მოვიფიქროთ იდეა / _c კოტე იანტბელიძე ; სარედ. ჯგუფი: თეა ბარამაშვილი, ნანა კვატაშიძე, სვეტა კვარაცხელია [და სხვა]. |
||
| 264 |
_aთბილისი : _bპალიტრა L, _c2020. |
||
| 300 |
_a167 გვ. : _b ილ. ; _c21 სმ. |
||
| 440 |
_aლურჯი ოკეანე _922765 |
||
| 653 | _aინოვაცია. აზროვნება | ||
| 653 | _aმენეჯმენტი | ||
| 653 | _aფსიქოლოგია | ||
| 700 |
_aბარამაშვილი, თეა _e სარედაქციო ჯგუფი _922766 |
||
| 700 |
_aკვატაშიძე, ნანა _eსარედაქციო ჯგუფი და სხვ. _922767 |
||
| 942 |
_2udc _cᲬᲘᲒᲜᲘ |
||